[Event "USA-ch Juniors 2017"]
[Site "Saint Louis"]
[Date "2017.07.09"]
[Round "2"]
[White "Checa, Nicolas D"]
[Black "Liu, Bovey"]
[Result "1/2-1/2"]
[WhiteElo "2415"]
[BlackElo "2228"]
[Annotator "TA"]
[PlyCount "104"]
[EventDate "2017.??.??"]
[EventType "tourn"]
[EventCountry "USA"]
[SourceTitle "playchess.com"]
[Source "ChessBase"]
[SourceQuality "1"]

{[%evp 13,104,25,37,35,39,47,54,54,47,50,50,49,60,56,52,25,34,30,44,35,42,23,49,35,38,16,20,26,24,23,16,18,26,23,50,0,0,0,0,0,0,-23,0,-22,0,-30,-29,-28,0,0,0,0,0,0,11,11,44,44,44,44,44,44,44,44,44,36,43,30,30,27,27,27,27,6,6,6,6,0,6,6,6,6,6,6,6,6,6,6,6,6,6,6,6]} 1. d4 Nf6 2. c4 e6 3. Nf3 b6 4. g3 c6 5. Bg2 d5 6. O-O Be7 7. Nc3 O-O 8. Nd2 {E06: Closed Catalan: Early deviations} (8. b3 Nbd7 9. Nd2 Ba6 10. e4 dxc4 11. Nxc4 b5 12. Ne3 Qb6 13. Bb2 Rfd8 14. Rc1 e5 15. Ne2 b4 16. Nc4 Bxc4 17. Rxc4 {½-½ (46) Gelfand,B (2734)-Vallejo Pons,F (2711) Almaty 2016}) 8... Ba6 9. b3 $1 b5 {[%cal Rd5c4]} 10. c5 $1 {White is slightly better.} b4 11. Na4 Bb5 $146 ({Predecessor:} 11... e5 12. dxe5 Nfd7 13. Nf3 Bb5 14. e6 fxe6 15. Nd4 Bf6 16. Nxe6 {1-0 (46) Azmaiparashvili,Z-Izvozchikov,A Tbilisi 1979}) 12. a3 Bxa4 13. bxa4 bxa3 14. e4 dxe4 15. Nxe4 Nd5 16. Rxa3 Nd7 17. Rb3 N7f6 18. Qd3 Rb8 19. Bd2 Rxb3 20. Qxb3 Nxe4 21. Bxe4 Bf6 22. Qd3 g6 23. Rb1 Qc7 24. a5 (24. Bxd5 $5 exd5 25. h4 $11) 24... Rb8 25. Rxb8+ Qxb8 26. a6 Qb2 27. Be3 (27. Bxd5 $5 exd5 28. Bc3 $11) 27... Kg7 (27... Nb4 $5 {[%cal Rb4d3]} 28. Qd1 Bg7 $11) 28. h4 (28. Bxd5 {is interesting.} exd5 29. h4 Qa1+ 30. Kg2 h6 31. Qd2) 28... h5 29. Bg2 (29. Bxd5 $5 exd5 30. Kg2 $11) 29... Nxe3 30. fxe3 Qa1+ 31. Kh2 Qa4 32. Kh3 e5 {[%cal Re5d4]} 33. d5 Qg4+ 34. Kh2 e4 35. Qxe4 Qxe4 36. Bxe4 {Strongly threatening d6.} cxd5 37. Bxd5 $14 {[%mdl 4096] Endgame KB-KB} Be7 38. c6 {[#] Black must now prevent c7.} Bd6 39. Kg2 f5 40. Kf3 Kf6 41. e4 fxe4+ 42. Bxe4 g5 {[%cal Bg6g5,Bg5g4][%mdl 32]} 43. Bd5 g4+ {The position is equal.} 44. Kf2 Be5 45. Bg2 Bd6 46. Bf1 Be5 47. Bc4 Bd6 48. Bb5 Bc7 49. Kg2 Kg7 50. Bd3 Kf6 51. Kf2 Bd6 52. Bh7 Bc7 {Precision: White = 57%, Black = 54%.} 1/2-1/2

[Event "USA-ch Juniors 2017"]
[Site "Saint Louis"]
[Date "2017.07.09"]
[Round "2"]
[White "Colas, Joshua"]
[Black "Brown, Michael William"]
[Result "0-1"]
[WhiteElo "2366"]
[BlackElo "2508"]
[Annotator "TA"]
[PlyCount "126"]
[EventDate "2017.??.??"]
[EventType "tourn"]
[EventCountry "USA"]
[SourceTitle "playchess.com"]
[Source "ChessBase"]
[SourceQuality "1"]

{[%evp 17,126,0,21,21,6,-33,-40,-50,-36,-37,-34,-64,-46,-44,-43,-43,-43,-43,-43,-43,-45,-93,0,-43,0,-74,-40,-47,-39,-45,-21,-18,-5,-31,32,30,33,26,135,123,147,89,195,192,221,213,221,225,316,285,484,494,373,266,780,142,146,143,326,315,299,185,206,202,279,264,261,191,175,0,0,0,0,0,0,0,0,-152,-48,-182,-146,-427,-410,-733,-149,-310,-250,-403,-418,-379,-347,-545,-454,-476,-475,-451,-412,-2251,-2389,-1540,-1393,-1039,-656,-621,-616,-768,-752,-723,-710,-973,-958]} 1. d4 Nf6 2. Bf4 d5 3. e3 c5 4. c3 Nc6 5. Nd2 Bf5 (5... e6 6. Ngf3 Bd6 7. Bg3 O-O 8. Bb5 a6 9. Bxc6 bxc6 10. Qa4 Rb8 11. Qa3 Bxg3 12. hxg3 cxd4 13. cxd4 a5 14. O-O Qb6 15. b3 Ba6 {1-0 (24) Carlsen,M (2840)-Anand,V (2779) Doha 2016}) 6. Qb3 {D00: 1 d4 d5: Unusual lines} Qd7 7. Ngf3 c4 8. Qd1 e6 9. Be2 h6 {LiveBook: 6 Games} 10. Ne5 Nxe5 11. dxe5 $146 (11. Bxe5 {keeps more tension.} Bd6 12. b3 cxb3 13. axb3 Bxe5 14. dxe5 Ne4 15. Nxe4 Bxe4 16. O-O) ({Predecessor:} 11. Bxe5 Be7 12. b3 cxb3 13. axb3 {1-0 (35) Berkes,F (2659)-Klek,H (2251) Schwarzach 2015}) 11... Ne4 12. Nxe4 Bxe4 13. O-O Bc5 14. Kh1 Qc6 15. b4 Bb6 16. a4 a5 17. b5 Qc7 18. Bf3 Bd3 {Strongly threatening ...g5.} 19. Be2 Be4 20. Bf3 Bd3 21. Be2 Bh7 22. Bg3 Bc5 23. Qd2 Qb6 24. Bd1 O-O-O 25. Bc2 h5 (25... Bxc2 $15 26. Qxc2 Kb8) 26. Bxh7 Rxh7 27. Bh4 Rg8 {[#]} (27... Rd7 $1 $11 {keeps the balance.}) 28. e4 $1 $16 {[%mdl 512]} Qc7 {White should prevent ...g5.} (28... dxe4 29. Qf4) 29. exd5 (29. f4 $142) 29... Qxe5 (29... g5 $16) 30. dxe6 $1 $18 Qxe6 31. Rad1 {And now Rfe1 would win.} Kb8 32. Rfe1 Qg4 (32... Qc8 $142 33. Qf4+ Ka7 34. Qxf7 Rf8) 33. Bg3+ Ka7 $2 (33... Ka8 {was worth a try.} 34. f3 Qc8) 34. Qd5 Qc8 35. Re4 h4 $2 (35... Bb6 36. Qxf7 (36. Rxc4 Qe6 $16) 36... Rf8) 36. Rxh4 $2 (36. Rxc4 $18 {and the rest is easy.} hxg3 37. Rxc5 Rxh2+ 38. Kg1) 36... Rxh4 $16 37. Bxh4 g5 $2 (37... f6 $16 38. Bg3 (38. Qxc4 Bb6 $16) 38... Bb6) 38. Bxg5 $18 Bxf2 39. Qxf7 Bb6 40. Qd5 Qg4 41. Be7 $1 Ka8 42. h3 Rh8 43. Kh2 $2 ({Only move:} 43. Bd6 $18) 43... Qf4+ $11 44. Kh1 {Qf3 is the strong threat.} Qe3 $40 {[%mdl 128] ( -> ...Rxh3+!). Black attacks.} 45. Qd7 {Threatens to win with Bf6.} Qxc3 46. Qe6 Ka7 47. Bf6 $2 {[#]} (47. h4 $11) 47... Qc2 ({Black should play} 47... Rxh3+ $1 $17 48. Qxh3 Qxf6) 48. Qd5 {[#]} ({Better is} 48. Ra1 $15 Qg6 49. Re1 (49. g3 $2 Re8 $19)) 48... Rf8 $1 $19 {[%cal Rf8f6]} 49. Be7 $2 {[%mdl 8192]} (49. Rd2 $17 Qb1+ 50. Rd1) 49... Rf5 50. Qd7 (50. Qd6 $142 Qxa4 51. Bd8 Qxb5 52. g4) 50... Qxa4 $2 (50... Rf7 $19 {and Black stays clearly on top.} 51. Ra1 Rg7) 51. Bd8 $2 (51. Rc1 $17 {was the only defense.} Rxb5 52. Qc8) 51... Qxb5 52. Bxb6+ $2 (52. Qxb5 Rxb5 53. Bf6) 52... Kxb6 {[%mdl 4096] Endgame KQR-KQR} 53. Qd4+ Ka6 54. Re1 (54. Rc1 $142 Rd5 55. Qxc4) 54... Qd5 55. Qh8 Ka7 56. Qb2 Rg5 57. Re2 (57. Qc2 $142 Ka6 58. Rf1) 57... Qd1+ {Black is clearly winning.} 58. Kh2 {[#]} c3 $1 {[%mdl 512]} 59. Qa2 (59. Qxc3 Qxe2) 59... Rc5 60. Rc2 {White hopes to continue with Rxc3!} Qd6+ 61. Kg1 Qd4+ 62. Kh2 Qe5+ 63. Kg1 Rb5 {Precision: White = 43%, Black = 42%.} 0-1

[Event "USA-ch Juniors 2017"]
[Site "Saint Louis"]
[Date "2017.07.09"]
[Round "2"]
[White "Brattain, Mika A"]
[Black "Chandra, Akshat"]
[Result "1/2-1/2"]
[WhiteElo "2364"]
[BlackElo "2484"]
[Annotator "TA"]
[PlyCount "115"]
[EventDate "2017.??.??"]
[EventType "tourn"]
[EventCountry "USA"]
[SourceTitle "playchess.com"]
[Source "ChessBase"]
[SourceQuality "1"]

{[%evp 21,115,14,6,0,0,0,0,0,0,0,0,0,94,92,113,84,84,84,84,84,79,80,81,79,75,61,50,57,57,43,97,87,112,113,126,126,135,133,135,83,136,143,141,137,122,15,15,15,15,15,23,9,9,9,9,9,9,9,9,9,9,9,9,0,34,34,34,0,34,9,9,9,9,0,34,34,34,34,34,34,34,34,34,34,34,34,34,34,34,34,34,0,34,34,34,0]} 1. Nf3 Nf6 2. c4 b6 3. g3 Bb7 4. Bg2 c5 5. O-O g6 6. b3 Bg7 7. Bb2 O-O 8. Nc3 d6 {[%cal Bd7d6,Bd6d5][%mdl 32]} 9. d4 cxd4 10. Nxd4 Bxg2 11. Kxg2 d5 {LiveBook: 16 Games} 12. e3 {A30: Symmetrical English: Double Fianchetto and Hedgehog} dxc4 13. Qf3 Na6 $1 {[#]} 14. Rfd1 $146 {The position is equal.} ({Predecessor:} 14. Ba3 cxb3 15. Nc6 Qd3 16. Rfd1 Qc4 17. Rac1 bxa2 18. Bxe7 a1=Q 19. Rxa1 Rfc8 20. Nxa7 Rxa7 21. Bxf6 Bxf6 22. Qxf6 {1-0 (30) Panchenko,A (2515)-Behnk,R (2320) Berlin 1993}) 14... Qc8 15. Rac1 Nc5 16. bxc4 Qb7 (16... e5 $11) 17. Qxb7 $16 Nxb7 18. Ba3 $36 {[%mdl 2048] White is on the roll.} Rfc8 19. Bxe7 Rxc4 20. Bxf6 Bxf6 21. Nd5 Rxc1 22. Nxf6+ Kg7 {[#]} 23. Nh5+ $1 {[%mdl 512]} gxh5 24. Rxc1 $14 {[%mdl 4096] Endgame KRN-KRN} Nc5 25. Rd1 Kf6 (25... Rc8 $14) 26. Nb5 $16 Ne6 27. Rd7 a6 {[#]} 28. Nc3 $1 b5 29. Nd5+ Kg6 30. f4 (30. h4 $142) 30... Nc5 (30... Kg7 $142) 31. Rd6+ Kg7 32. Rc6 Ne6 33. f5 (33. Kf3 $16) 33... Rd8 $11 34. fxe6 Rxd5 35. Rxa6 {next Ra7 is good for White.} fxe6 36. Rxe6 {KR-KR} Rd2+ 37. Kh3 Rxa2 38. Re5 b4 39. Rxh5 Re2 40. Rb5 Rxe3 41. Rxb4 Re2 42. g4 h6 (42... h5 $5) 43. Kg3 Ra2 44. Rd4 Rc2 (44... h5 $5) 45. Rd7+ Kf6 46. Rd6+ Kg7 47. Rd4 Ra2 (47... h5 $5) 48. h4 Ra7 49. Kf4 Rf7+ 50. Ke5 Re7+ 51. Kf5 Rf7+ 52. Ke6 {aiming for Rd7.} Rf6+ 53. Ke5 {Strongly threatening Rd7+.} Rf7 54. Rd6 Re7+ 55. Kf5 Rf7+ 56. Ke5 Re7+ 57. Re6 Ra7 58. Rd6 {Precision: White = 69%, Black = 57%.} 1/2-1/2

[Event "USA-ch Juniors 2017"]
[Site "Saint Louis"]
[Date "2017.07.10"]
[Round "3"]
[White "Li, Ruifeng"]
[Black "Tang, Andrew"]
[Result "1-0"]
[WhiteElo "2568"]
[BlackElo "2478"]
[Annotator "TA"]
[PlyCount "81"]
[EventDate "2017.??.??"]
[EventType "tourn"]
[EventCountry "USA"]
[SourceTitle "playchess.com"]
[Source "ChessBase"]
[SourceQuality "1"]

{[%evp 9,81,6,16,-10,-8,-12,-9,-8,-4,-6,-16,-9,0,-16,24,31,27,21,38,29,61,58,60,55,66,53,53,51,58,58,58,58,95,90,100,82,89,91,95,76,102,112,103,89,120,81,107,42,64,36,36,18,23,24,42,49,582,578,712,693,693,675,827,739,29996,29988,29989,29990,29992,29993,29993,29994,29994,29995]} 1. b3 d5 2. Bb2 c5 3. e3 Nc6 4. Nf3 Nf6 5. Bb5 Qb6 6. Be2 {A06: Réti Opening:1 Nf3 d5} (6. Na3 a6 7. Ba4 e6 8. O-O Be7 9. Ne5 O-O 10. Bxc6 bxc6 11. c4 a5 12. Qc2 Ne8 13. f4 f6 {0-1 (43) Zhao,X (2504)-Kosteniuk,A (2557) Batumi 2016}) 6... Bf5 7. O-O $146 ({Predecessor:} 7. d3 e6 8. Nbd2 Be7 9. O-O O-O 10. Nh4 Bg6 11. Rb1 Rad8 12. Re1 Qc7 13. Nxg6 hxg6 {0-1 (60) Christen,S (1843)-Biessner,E (1929) Goch 2012}) 7... e6 8. Nh4 {The position is equal.} Bg6 9. d3 Be7 10. Nd2 Qc7 11. f4 d4 {[#] And now ...Nd5 would win.} 12. e4 $1 Nd7 13. Qe1 Qd8 14. g3 {Strongly threatening f5.} Nf6 15. Qd1 {f5 is the strong threat.} h6 16. Nxg6 fxg6 17. Nc4 b5 18. Nd2 O-O 19. a4 a6 20. Bg4 $36 {[%mdl 2048] White has some pressure.} Qd7 21. Bh3 Rae8 22. axb5 axb5 23. Nf3 Kh7 24. Qe2 Bd8 25. Bc1 Qb7 26. Bd2 Bb6 27. Nh4 Bd8 28. e5 (28. Bg2 $16) 28... Nd5 $14 29. Nxg6 Kxg6 30. Qe4+ Kf7 31. f5 {[%cal Bf4f5,Bf5e6][%mdl 32]} Kg8 32. fxe6 Nce7 $2 {[%mdl 8192] [#]} (32... Ne3 $1 $14 33. Rf7 Rxf7 34. exf7+ Qxf7 35. Qxc6 Rxe5) 33. Bxh6 $1 $18 {[%mdl 512] Hoping for Rf7!} Nf5 (33... gxh6 34. Rf7) 34. Bxf5 {[%cal Bh3f5,Bf5g6,Bg6f7][%mdl 32] Black must now prevent Bg6.} gxh6 35. Bg6 Rxf1+ 36. Rxf1 Rf8 37. Rf7 {White mates.} Rxf7 38. Bxf7+ Kf8 39. Qh7 Qc6 40. Qxh6+ Ke7 41. Qg5+ {Precision: White = 69%, Black = 34%.} 1-0

[Event "USA-ch Juniors 2017"]
[Site "Saint Louis"]
[Date "2017.07.10"]
[Round "3"]
[White "Liang, Awonder"]
[Black "Checa, Nicolas D"]
[Result "1/2-1/2"]
[WhiteElo "2536"]
[BlackElo "2415"]
[Annotator "TA"]
[PlyCount "143"]
[EventDate "2017.??.??"]
[EventType "tourn"]
[EventCountry "USA"]
[SourceTitle "playchess.com"]
[Source "ChessBase"]
[SourceQuality "1"]

{[%evp 11,143,1,6,1,17,13,16,16,21,0,24,2,0,10,3,-26,0,0,0,-39,-31,-37,-37,-35,8,20,15,18,39,0,-7,-10,-12,-37,8,0,0,0,28,0,0,0,0,0,2,-5,0,-28,-27,-41,-53,-50,-47,-106,-73,-98,-52,-58,-28,-27,-4,-8,13,0,0,0,0,-250,-222,-268,-185,-195,-200,-200,-192,-186,-170,-173,-170,-150,-31,-31,-31,-34,0,0,0,0,0,0,0,0,0,0,0,0,0,0,0,0,0,0,0,0,0,0,0,0,0,0,0,0,0,0,0,0,0,0,8,8,8,8,8,8,8,8,8,8,8,8,8,8,8,8]} 1. d4 d5 2. c4 c6 3. Nf3 Nf6 4. Qb3 e6 5. Bg5 Nbd7 6. Nc3 Qa5 7. Bd2 {White wants to play Nxd5. D43: Semi-Slav: 5 Bg5 h6} (7. cxd5 exd5 8. e3 Ne4 9. Bd3 Nxg5 10. Nxg5 Be7 11. Nf3 O-O 12. O-O Qd8 13. Qc2 g6 14. a3 a5 15. Rab1 Bd6 16. b4 axb4 17. axb4 {½-½ (44) Caruana,F (2770)-Kamsky,G (2741) Achaea 2012}) 7... Qb6 8. Qc2 Qc7 9. e4 dxe4 10. Nxe4 c5 $146 ({Predecessor:} 10... Nxe4 11. Qxe4 Nf6 12. Qh4 c5 13. Bd3 cxd4 {1-0 (32) Sergeev,V (2393)-Ivanitsky,I (2132) Ekaterinburg 2008}) 11. d5 Nxe4 12. Qxe4 Nf6 13. Qc2 exd5 14. cxd5 Be7 15. O-O-O O-O 16. Bc3 Qf4+ 17. Kb1 Bf5 18. Bd3 Bxd3 19. Rxd3 Nd7 20. Re1 Bf6 21. Bxf6 Qxf6 22. Rde3 Rfd8 23. h4 h6 24. g4 Nf8 25. Qxc5 Rac8 26. Qd4 (26. Qb5 {with more complications.} h5 27. gxh5 Qf5+ 28. Qd3 Rxd5 29. Qxf5 Rxf5 30. Rg1) 26... Qxd4 27. Nxd4 g6 $1 28. Re7 Rxd5 29. Nf3 Nd7 30. g5 h5 31. a3 Kf8 32. R1e3 ({White should play} 32. R7e3 $15) 32... a5 33. Ka2 a4 34. R7e4 $1 Nc5 35. Rb4 Rd1 36. Rc3 Rc6 37. Nd4 (37. Ne5 $5 {[%cal Re5c6]} Nb3 38. Rxa4 Nc1+ 39. Kb1 Ne2+ 40. Kc2 Nxc3 41. Ra8+ Ke7 42. Nxc6+ bxc6 43. Kxc3 $14) 37... Rc7 $1 38. f4 b6 39. Rbc4 $2 (39. f5 $11 {and White stays safe.}) 39... Rd7 $19 40. Nc2 Nb3 {Hoping for ...Nc1+.} 41. Rc8+ Kg7 42. Re3 {[#]} Rd8 $1 {[%cal Rd8c8]} 43. Rxd8 Rxd8 {[%mdl 4096] Endgame KRN-KRN} 44. Re1 Rd2 45. Ne3 Nc5 (45... Rh2 $17 46. f5 Rxh4 47. f6+ Kf8) 46. f5 $15 Nd3 47. f6+ Kf8 48. Nc4 {The position is equal.} Rxb2+ 49. Nxb2 Nxe1 50. Nxa4 $11 {KN-KN} Nf3 51. Nxb6 Nxh4 {[#] And now ...Nf3 would win.} 52. a4 {Strongly threatening a5.} Nf3 53. a5 {Intending a6 and mate.} Ne5 {White must now prevent ...h4.} 54. a6 {Threatening mate with a7.} Nc6 {Threatens to win with ...Nb4+.} 55. Kb3 h4 {aiming for ...h3.} 56. Nd7+ $1 Ke8 57. Ne5 $1 {[%cal Re5c6]} Na7 58. Kc4 h3 {...h2 is the strong threat.} 59. Ng4 Kd7 60. Kd5 Nc6 61. Ke4 Kc7 62. Kf3 Nd4+ 63. Kg3 Ne6 64. Kxh3 Nxg5+ 65. Kg3 Kb6 66. Kf4 Ne6+ 67. Ke5 Kxa6 68. Kd6 Ng5 69. Ke7 Nh7 70. Kxf7 Nxf6 71. Kxf6 g5 72. Kxg5 {Precision: White = 61%, Black = 63%.} 1/2-1/2

[Event "USA-ch Juniors 2017"]
[Site "Saint Louis"]
[Date "2017.07.10"]
[Round "3"]
[White "Brown, Michael William"]
[Black "Brattain, Mika A"]
[Result "1/2-1/2"]
[WhiteElo "2508"]
[BlackElo "2364"]
[Annotator "TA"]
[PlyCount "69"]
[EventDate "2017.??.??"]
[EventType "tourn"]
[EventCountry "USA"]
[SourceTitle "playchess.com"]
[Source "ChessBase"]
[SourceQuality "1"]

{[%evp 22,69,45,45,45,36,35,36,43,41,41,41,46,45,39,44,38,31,17,6,5,1,8,4,5,0,0,0,0,0,0,-11,0,0,0,-14,0,0,0,-52,0,0,0,0,0,0,0,0,0,0]} 1. d4 Nf6 2. c4 g6 3. Nc3 Bg7 4. e4 d6 5. Nf3 O-O 6. Be2 e5 7. Be3 Ng4 8. Bg5 f6 9. Bh4 g5 10. Bg3 Nh6 11. d5 Nd7 12. Nd2 f5 {E93: King's Indian: Classical: Petrosian System with 7...Nbd7} 13. exf5 (13. f3 Nf6 14. Bf2 g4 15. Qc2 gxf3 16. gxf3 fxe4 17. Ndxe4 Nf5 18. Rg1 Nd4 19. Qd3 Nxe2 20. Qxe2 {1-0 (67) Inarkiev,E (2664)-Amonatov,F (2592) St Petersburg 2015}) 13... Nf6 14. Nde4 Nxe4 {White is slightly better.} 15. Nxe4 Bxf5 16. Bd3 g4 17. O-O Bxe4 18. Bxe4 Qg5 19. Qd3 Nf5 20. f3 $146 ({Predecessor:} 20. c5 Kh8 21. cxd6 cxd6 22. f4 gxf3 23. Rxf3 Nxg3 24. Rxg3 Qh4 25. Qe2 {½-½ (25) De Blois Figueredo,A (2398)-Lara Ruiz,J (2363) ICCF email 2011}) 20... Nxg3 21. hxg3 gxf3 22. Bxh7+ Kh8 23. Be4 Qxg3 {[%csl Gf3][%cal Rg3g2] [#]} 24. Rxf3 Rxf3 25. Qxf3 Qxf3 26. Bxf3 $11 {[%mdl 4096] Endgame KRB-KRB} Rf8 (26... e4 $5 27. Bxe4 Re8 $11) 27. Re1 Bh6 28. Be4 Bf4 29. g4 Kg7 30. Rf1 ({Better is} 30. Kg2 $1 $11) 30... Be3+ (30... Kh6 $15) 31. Kg2 {The position is equal.} Rxf1 32. Kxf1 Kf6 33. Ke2 Bd4 34. b3 Kg5 35. Kf3 {Precision: White = 50%, Black = 80%.} 1/2-1/2

[Event "USA-ch Juniors 2017"]
[Site "Saint Louis"]
[Date "2017.07.10"]
[Round "3"]
[White "Chandra, Akshat"]
[Black "Troff, Kayden W"]
[Result "1/2-1/2"]
[WhiteElo "2484"]
[BlackElo "2472"]
[Annotator "TA"]
[PlyCount "197"]
[EventDate "2017.??.??"]
[EventType "tourn"]
[EventCountry "USA"]
[SourceTitle "playchess.com"]
[Source "ChessBase"]
[SourceQuality "1"]

{[%evp 18,197,6,4,31,32,32,31,46,43,46,46,41,45,54,57,52,65,66,39,42,52,53,62,31,45,60,60,50,57,60,0,0,5,4,0,8,6,16,7,16,9,15,10,10,7,26,26,42,27,43,1,31,39,25,39,39,36,156,140,138,140,148,118,93,102,195,210,208,199,208,194,200,200,226,228,165,180,172,145,149,121,140,103,124,73,184,169,178,184,243,205,201,66,89,0,0,0,0,0,0,0,0,0,0,0,0,0,0,0,0,0,0,0,0,0,0,0,0,0,0,0,0,0,0,0,0,0,0,0,0,0,0,0,0,0,0,0,0,0,0,0,0,0,0,0,0,0,0,0,0,0,0,0,0,0,0,0,0,0,0,0,0,0,0,0,0,0,0,0,0,0,0,0,0,0,0,0,0,0,0,0]} 1. e4 c5 2. Nf3 d6 3. d4 cxd4 4. Nxd4 Nf6 5. Nc3 a6 6. Be3 e5 7. Nf3 Be7 8. Bc4 O-O 9. O-O Nc6 10. Qe2 Bg4 {B90: Sicilian Najdorf: Unusual White 6th moves, 6 Be3 Ng4 and 6 Be3 e5} (10... Na5 11. Bb3 h6 12. Rfd1 Nxb3 13. axb3 Qe8 14. Nd2 b5 15. Nxb5 {½-½ (15) Andriasian,Z (2622)-Jurcik,M (2501) Minsk 2017}) 11. Rfd1 Rc8 12. h3 $146 ({Predecessor:} 12. Nd5 b5 13. Bb3 Nxd5 14. Bxd5 Na5 15. c3 Nc4 16. Bc1 Qa5 17. h3 Bh5 18. a4 Bxf3 19. Qxf3 bxa4 20. Qe2 Qb5 21. Qc2 Nb6 22. Be3 Nc4 23. Bc1 Nb6 24. Be3 Nc4 25. Bc1 {½-½ (25) Wittmann,W (2400)-Gostisa,L (2460) Bad Woerishofen 1993}) 12... Bd7 {White is slightly better.} 13. Nd5 Nxd5 14. Bxd5 Qc7 15. c3 Nd8 16. a4 Bc6 17. a5 Ne6 18. Ne1 Bxd5 19. Rxd5 Qc4 20. Qxc4 Rxc4 21. f3 f5 22. exf5 Rxf5 23. Nc2 Rf8 24. Rdd1 (24. Bb6 $14) 24... e4 $1 $11 25. fxe4 Rxe4 26. Rf1 Rxf1+ (26... Re8 {seems wilder.} 27. Rf3 Re5 28. Bb6 Ng5 29. Rff1 Ne4) 27. Kxf1 Nc5 28. Ke2 d5 29. Rd1 Na4 30. Rxd5 Nxb2 31. Kf3 Re6 32. Rd7 Bf6 33. Rxb7 Bxc3 34. Rb3 Bf6 35. Nd4 Bxd4 $1 36. Bxd4 $14 {[%mdl 4096] Endgame KRB-KRN} Nc4 37. Rb7 Rd6 ({Better is} 37... g6 $14) 38. Rxg7+ $16 Kf8 39. Rg4 {Threatens to win with Bc5.} Kf7 40. Rf4+ Kg6 41. Bc5 Rd3+ (41... Nd2+ $16 42. Ke2 Rd5) 42. Ke2 $1 $18 {[%cal Re2d3]} Rd2+ 43. Ke1 $1 Rc2 44. Kd1 Rc3 {aiming for ...Nb2+.} 45. Bb4 $1 {[%cal Rb4c3]} Ne3+ 46. Ke2 Rb3 47. Bd2 Nf5 48. Rc4 Kf6 49. g4 Nd6 50. Rc6 Ke5 51. h4 ({White should try} 51. Rxa6 {Black must now prevent h4.} Nc4 52. Bc1) 51... Nb5 (51... Ne4 $16) 52. Rxa6 Nd4+ {[#]} 53. Kd1 $1 Rh3 (53... Rg3 $142) 54. Ra8 {And now a6 would win.} Rxh4 {[#]} 55. a6 ({White must play} 55. Bc3 $1 $18 Ke4 56. Re8+ Kd3 57. Bxd4 Kxd4 58. a6 Rh1+ 59. Re1) 55... Nc6 $1 $14 56. a7 ({White should play} 56. Rg8 $16) 56... Nxa7 $1 $11 {The position is equal.} 57. Rxa7 Rxg4 58. Rxh7 {KRB-KR} Rg3 59. Ke2 Rb3 60. Be3 Rb2+ 61. Kf3 Rb4 62. Rh5+ Ke6 63. Ra5 Rc4 64. Bf2 (64. Bc1 $5) 64... Rb4 65. Be1 Rd4 66. Ke3 (66. Bd2 $5) 66... Rc4 67. Bd2 Rh4 68. Kd3 Rg4 69. Bc3 Rf4 70. Bd4 Rf5 71. Ra8 Rf4 72. Kc4 Rf7 73. Ra5 Rc7+ 74. Kd3 Rh7 75. Rg5 Kd6 76. Kc4 Rc7+ 77. Bc5+ Ke6 78. Kd4 Rh7 79. Re5+ Kf6 80. Kd5 Rb7 81. Re1 Rb5 82. Rf1+ Kg5 83. Kd4 Rb2 84. Be7+ Kg4 85. Ke3 Rb6 86. Rg1+ (86. Bd6 $5) 86... Kh5 87. Kf4 Rb2 88. Bc5 {Kf5 is the strong threat.} (88. Ba3 {with more complications.} Rc2 89. Rg5+ Kh6 90. Kf5 Rf2+ 91. Kg4) 88... Rb3 (88... Rb7 {is interesting.} 89. Rg5+ Kh6 90. Bf8+ Kh7 91. Ke3 Rc7) 89. Rg8 Rb1 90. Rg5+ (90. Rg1 {feels hotter.} Rb3) 90... Kh6 91. Rg2 Rf1+ 92. Bf2 Rb1 93. Kf5 (93. Be1 $5) 93... Rf1 94. Kf6 {[%cal Rg2h2]} Kh7 95. Rh2+ Kg8 96. Kg6 {White wants to mate with Bd4.} Rd1 97. Bc5 {Intending Ra2 and mate.} Rd6+ 98. Kf5 Rd5+ 99. Ke4 {Precision: White = 71%, Black = 62%.} 1/2-1/2

[Event "USA-ch Juniors 2017"]
[Site "Saint Louis"]
[Date "2017.07.10"]
[Round "3"]
[White "Liu, Bovey"]
[Black "Colas, Joshua"]
[Result "1-0"]
[WhiteElo "2228"]
[BlackElo "2366"]
[Annotator "TA"]
[PlyCount "73"]
[EventDate "2017.??.??"]
[EventType "tourn"]
[EventCountry "USA"]
[SourceTitle "playchess.com"]
[Source "ChessBase"]
[SourceQuality "1"]

{[%evp 11,73,31,37,33,98,97,100,83,95,95,105,104,110,100,104,39,57,31,68,79,173,175,176,133,442,460,439,433,1030,1034,1000,286,284,283,284,275,281,283,289,285,283,279,303,317,331,254,276,261,256,266,304,305,321,324,416,411,416,411,388,363,490,487,654,620]} 1. e4 {[%cal Be2e4,Be4e5][%mdl 32]} c5 2. Nf3 a6 3. c3 Nf6 4. e5 Nd5 5. d4 cxd4 6. cxd4 e6 {LiveBook: 14 Games. B28: Sicilian: 2 Nf3 a6 (O'Kelly Variation)} (6... Nc6 7. Nc3 Nxc3 8. bxc3 d6 9. Bf4 Qa5 10. Qd2 d5 11. Be2 Bg4 12. O-O e6 13. h3 Bxf3 14. Bxf3 {0-1 (60) Babujian,L (2465)-Kalashian,D (2358) Yerevan 2016}) 7. Bc4 b5 (7... Nc6 $14) 8. Bxd5 $16 exd5 {White is better.} 9. Nc3 $146 ({Predecessor:} 9. O-O d6 10. Nc3 Bb7 11. Re1 Be7 12. exd6 Qxd6 13. Bg5 Nc6 14. Qe2 {0-1 (41) Heimbaecher,P (1927)-Bacallado Rivero,D Cotelec 2009}) 9... Bb7 10. O-O Be7 11. Re1 b4 12. Ne2 O-O 13. Nf4 (13. Ng3 $16) 13... a5 $1 $14 14. Nd2 Qb6 15. Nf1 Na6 (15... Bd8 $16) 16. Ne3 $18 Nc7 17. Qg4 $36 {[%mdl 2048] [#] Threatens to win with Nf5. White is on the roll.} Rfd8 $2 {[%mdl 8192]} (17... g6 $16) 18. Nf5 {[%csl Gf5][%cal Rg4g7]} Bf8 19. Re3 Ne8 (19... Re8 $142 20. Nxg7 Bxg7) 20. Rh3 Ra6 {[#]} 21. Nh6+ $2 (21. e6 $1 {[%mdl 512] Threatening mate with Qh5.} g6 (21... dxe6 22. Nh6+) 22. Qh4) 21... Qxh6 22. Rxh6 Rxh6 23. Nxd5 Rg6 24. Qh4 Rc8 25. Nf4 Rgc6 26. Be3 Rc2 27. Qg4 Bc6 28. Qd1 Bb5 29. Rc1 Rxc1 30. Bxc1 a4 31. Bd2 Rc4 32. Be1 b3 33. axb3 axb3 34. Bc3 Ra4 35. h4 Nc7 36. Qxb3 Ra1+ 37. Kh2 {Precision: White = 73%, Black = 33%.} 1-0